[Event "Manfred-Bosbach-Turnier (43.OStM GL)"]
[Site "Bergisch Gladbach"]
[Date "2023.09.29"]
[Round "5.7"]
[White "Stetten, Joachim"]
[Black "Themm, Rainer"]
[Result "1/2-1/2"]
[WhiteElo "1432"]
[BlackElo "1826"]
[PlyCount "77"]
[EventDate "2023.??.??"]
[EventType "swiss"]
[EventRounds "7"]
[SourceVersionDate "2023.09.02"]

1. e4 c5 2. Nf3 Nc6 3. d4 cxd4 4. Nxd4 g6 5. Nc3 Bg7 6. Nxc6 bxc6 7. Be3 e6 8.
Bd3 Nf6 9. f3 O-O 10. Qd2 Bb7 11. Bh6 e5 12. Bxg7 Kxg7 13. Ne2 d5 14. Ng3 Qc7
15. Qg5 Qd8 16. Qxe5 Re8 17. Qf4 dxe4 18. fxe4 Qd4 19. O-O-O Qe5 20. Rhf1 c5
21. Rde1 Rab8 22. Qxe5 Rxe5 23. h3 Bc8 24. Bc4 Be6 25. Bxe6 fxe6 26. c4 Rd8 27.
b3 h5 28. Rd1 Re8 29. Ne2 Rxe4 30. Nc3 Re5 31. Rf3 Rf5 32. Rd6 Rg5 33. g3 Re7
34. Rc6 Rf5 35. Re3 Kf7 36. Nb5 Ne8 37. Nd6+ Nxd6 38. Rxd6 Rf2 39. a3 1/2-1/2

[Event "Manfred-Bosbach-Turnier (43.OStM GL)"]
[Site "Bergisch Gladbach"]
[Date "2023.09.29"]
[Round "5.8"]
[White "Aljalam, Yamen"]
[Black "Lobbes, Frank"]
[Result "1/2-1/2"]
[WhiteElo "1414"]
[BlackElo "1771"]
[PlyCount "115"]
[EventDate "2023.??.??"]
[EventType "swiss"]
[EventRounds "7"]
[SourceVersionDate "2023.09.02"]

1. Nf3 d6 2. g3 f5 3. Bg2 Nf6 4. O-O e5 5. d3 Be7 6. Nc3 O-O 7. e4 fxe4 8. Nxe4
Nxe4 9. dxe4 Be6 10. h4 h6 11. Be3 Nd7 12. h5 Nf6 13. Nh2 Qd7 14. Bf3 Nh7 15.
Bg4 Ng5 16. Bxg5 Bxg5 17. Bxe6+ Qxe6 18. Qd5 Qxd5 19. exd5 Rf5 20. g4 Rf4 21.
Rad1 Raf8 22. f3 Rc4 23. c3 Be3+ 24. Kg2 b5 25. Rd3 Bb6 26. Rd2 b4 27. cxb4
Rxb4 28. b3 Bd4 29. Rfd1 Rb5 30. Nf1 Rxd5 31. Ne3 Rc5 32. Nf5 Bc3 33. Rd5 Bb4
34. Rxc5 Bxc5 35. Rc1 Kf7 36. b4 Bb6 37. a4 a5 38. b5 Kf6 39. Rc2 Rf7 40. Kf1
g6 41. hxg6 Kxg6 42. Ke2 h5 43. Rc6 Rd7 44. Ne3 hxg4 45. Nxg4 Kg5 46. Ne3 d5
47. Ng4 Re7 48. Nf6 e4 49. Nxd5 exf3+ 50. Kxf3 Rh7 51. Nxb6 cxb6 52. Rxb6 Rh4
53. Ra6 Rxa4 54. b6 Rb4 55. Rxa5+ Kf6 56. Ra6 Ke5 57. Ra5+ Kd6 58. Ra6 1/2-1/2

[Event "Manfred-Bosbach-Turnier (43.OStM GL)"]
[Site "Bergisch Gladbach"]
[Date "2023.09.29"]
[Round "5.9"]
[White "Müller, Aaron"]
[Black "Ehmann, Florian"]
[Result "1-0"]
[WhiteElo "1214"]
[BlackElo "1260"]
[PlyCount "49"]
[EventDate "2023.??.??"]
[EventType "swiss"]
[EventRounds "7"]
[SourceVersionDate "2023.09.02"]

1. e4 c5 2. Nf3 Nc6 3. d4 cxd4 4. c3 dxc3 5. Nxc3 e6 6. Bc4 Bb4 7. O-O Nge7 8.
e5 Bxc3 9. bxc3 Nf5 10. Ba3 Qa5 11. Bd6 Qxc3 12. Rc1 Qa5 13. a3 b5 14. Bb3 Nxd6
15. Qxd6 Qb6 16. Rfd1 Ne7 17. Qd3 O-O 18. Ng5 Ng6 19. h4 f6 20. exf6 Rxf6 21.
Rd2 d5 22. Bxd5 Bd7 23. Bxa8 Qb8 24. Qxd7 Qxa8 25. Rc8+ 1-0

[Event "Manfred-Bosbach-Turnier (43.OStM GL)"]
[Site "Bergisch Gladbach"]
[Date "2023.09.29"]
[Round "5.10"]
[White "Schneider, Erich"]
[Black "Rohleder, Traugott"]
[Result "0-1"]
[WhiteElo "1146"]
[BlackElo "1683"]
[PlyCount "84"]
[EventDate "2023.??.??"]
[EventType "swiss"]
[EventRounds "7"]
[SourceVersionDate "2023.09.02"]

1. d4 Nf6 2. c4 g6 3. g3 Bg7 4. Bg2 O-O 5. Nc3 d6 6. Nf3 Bg4 7. h3 Bd7 8. O-O
Qc8 9. Kh2 Na6 10. Re1 c5 11. d5 Nc7 12. e4 b5 13. Qd3 bxc4 14. Qxc4 Rb8 15.
Rb1 a6 16. Qd3 Nb5 17. Nxb5 axb5 18. b3 Qa6 19. Qc2 Rfc8 20. Bf1 Qa7 21. Be3
Ra8 22. Re2 Qc7 23. Rc1 Ra3 24. Qb1 Rca8 25. Kg2 Qc8 26. Kh2 Qa6 27. Bg2 Rxa2
28. Rxa2 Qxa2 29. Qxa2 Rxa2 30. Nd2 Ne8 31. h4 Nc7 32. Bf1 Na6 33. Kg2 Nb4 34.
Nb1 Nc2 35. Kf3 h5 36. Bd3 Bg4+ 37. Kg2 Nxe3+ 38. Kg1 Bd4 39. fxe3 Bxe3+ 40.
Kf1 Bh3+ 41. Ke1 Bf2+ 42. Kd1 Bg4+ 0-1

[Event "Manfred-Bosbach-Turnier (43.OStM GL)"]
[Site "Bergisch Gladbach"]
[Date "2023.09.29"]
[Round "5.11"]
[White "Schüers, Christian"]
[Black "Stieg, Karsten"]
[Result "1-0"]
[WhiteElo "1507"]
[BlackElo "1454"]
[PlyCount "49"]
[EventDate "2023.??.??"]
[EventType "swiss"]
[EventRounds "7"]
[SourceVersionDate "2023.09.02"]

1. d4 d5 2. Bf4 Nc6 3. c3 Nf6 4. e3 g6 5. Be2 Bg7 6. h3 O-O 7. Nf3 Re8 8. O-O
Ne4 9. Nbd2 Nxd2 10. Qxd2 e5 11. dxe5 Nxe5 12. Rad1 c6 13. Nd4 a5 14. a4 Nc4
15. Bxc4 dxc4 16. Qe2 Qb6 17. Rd2 Bxd4 18. Rxd4 Be6 19. Bg5 Qb3 20. Ra1 Kg7 21.
Rf4 f5 22. Rd4 Bd5 23. Qd2 Re4 24. Rxe4 fxe4 25. Qd4+ 1-0

[Event "Manfred-Bosbach-Turnier (43.OStM GL)"]
[Site "Bergisch Gladbach"]
[Date "2023.10.20"]
[Round "6.1"]
[White "Rosenauer, Horst"]
[Black "Gelsok, Philipp"]
[Result "1/2-1/2"]
[WhiteElo "1882"]
[BlackElo "2017"]
[PlyCount "65"]
[EventDate "2023.??.??"]
[EventType "swiss"]
[EventRounds "7"]
[SourceVersionDate "2023.09.02"]

1. e4 e5 2. Nf3 Nc6 3. Bb5 Nf6 4. O-O Nxe4 5. Re1 Nd6 6. Ba4 Be7 7. Nxe5 Nxe5
8. Rxe5 O-O 9. d4 Bf6 10. Re1 Re8 11. c3 c6 12. Nd2 Rxe1+ 13. Qxe1 Qe8 14.
Qxe8+ Nxe8 15. Ne4 Be7 16. Bg5 Bxg5 17. Nxg5 Nf6 18. Bc2 h6 19. Nf3 d6 20. Re1
Be6 21. Nd2 Re8 22. a3 Kf8 23. f3 Bc8 24. Kf2 Rxe1 25. Kxe1 Ke7 26. Kf2 d5 27.
Bd3 Ne8 28. b4 Nd6 29. a4 Bf5 30. Ke3 Bxd3 31. Kxd3 Ke6 32. g3 g5 33. g4
1/2-1/2

[Event "Manfred-Bosbach-Turnier (43.OStM GL)"]
[Site "Bergisch Gladbach"]
[Date "2023.10.20"]
[Round "6.3"]
[White "Weclawski, Roman"]
[Black "Heckötter, Christian"]
[Result "1/2-1/2"]
[WhiteElo "1910"]
[BlackElo "1967"]
[PlyCount "68"]
[EventDate "2023.??.??"]
[EventType "swiss"]
[EventRounds "7"]
[SourceVersionDate "2023.09.02"]

1. e4 e6 2. d4 d5 3. exd5 exd5 4. Bd3 Nc6 5. c3 Bd6 6. Ne2 Qh4 7. h3 Nge7 8.
Nd2 Bf5 9. Nf3 Qh5 10. Nf4 Bxf4 11. Bxf4 Bxd3 12. Qxd3 O-O-O 13. O-O-O f6 14.
Rhe1 Qg6 15. Qxg6 Nxg6 16. Bg3 Rhe8 17. Kd2 Kd7 18. Rxe8 Rxe8 19. Re1 Rxe1 20.
Nxe1 Nce7 21. Nd3 b6 22. f3 Nf5 23. Bf2 Nd6 24. b3 c6 25. g4 Ne7 26. Ke3 Ke6
27. Bg3 g6 28. h4 Ng8 29. Nf4+ Kd7 30. Nd3 Ne7 31. Nf2 Ke6 32. Nd3 Ng8 33. Nf4+
Kd7 34. Nd3 Ne7 1/2-1/2

[Event "Manfred-Bosbach-Turnier (43.OStM GL)"]
[Site "Bergisch Gladbach"]
[Date "2023.10.20"]
[Round "6.4"]
[White "Gutt, Oswald"]
[Black "Bernecker, Jan Magnus"]
[Result "1/2-1/2"]
[WhiteElo "1813"]
[BlackElo "1492"]
[PlyCount "78"]
[EventDate "2023.??.??"]
[EventType "swiss"]
[EventRounds "7"]
[SourceVersionDate "2023.09.02"]

1. d4 d5 2. Nf3 Nf6 3. c4 e6 4. Nc3 b6 5. cxd5 Nxd5 6. g3 Bb7 7. Bg2 c5 8. O-O
Nd7 9. Nxd5 Bxd5 10. Qa4 cxd4 11. Qxd4 Nf6 12. Rd1 Bc5 13. Qa4+ Qd7 14. Qxd7+
Nxd7 15. b3 Be7 16. Bb2 Bf6 17. Bxf6 Nxf6 18. Rac1 O-O 19. Rc7 Rfd8 20. Ne5 Rf8
21. Nc6 Bxc6 22. Rxc6 Rac8 23. Rdc1 Rxc6 24. Rxc6 Rb8 25. Rc7 a5 26. h3 g6 27.
Kf1 Ne8 28. Rc6 Kf8 29. e4 Ke7 30. e5 Kd7 31. Ke1 Nc7 32. Rd6+ Ke7 33. a4 Ne8
34. Rc6 b5 35. Ra6 bxa4 36. bxa4 Rb1+ 37. Ke2 Rb2+ 38. Kf3 Rb3+ 39. Ke2 Rb2+
1/2-1/2

[Event "Manfred-Bosbach-Turnier (43.OStM GL)"]
[Site "Bergisch Gladbach"]
[Date "2023.10.20"]
[Round "6.5"]
[White "Beckschwarte, Günter"]
[Black "Müller, Aaron"]
[Result "0-1"]
[WhiteElo "1798"]
[BlackElo "1214"]
[PlyCount "50"]
[EventDate "2023.??.??"]
[EventType "swiss"]
[EventRounds "7"]
[SourceVersionDate "2023.09.02"]

1. e4 c5 2. Nf3 e6 3. d4 cxd4 4. Nxd4 a6 5. Nc3 Qc7 6. Bd3 Nf6 7. O-O b5 8. a3
Bb7 9. Qe2 d6 10. Bg5 Be7 11. Rad1 Nbd7 12. Kh1 O-O 13. f4 Rfe8 14. Rf3 h6 15.
Bh4 Nxe4 16. Nxe4 Bxh4 17. Rh3 Be7 18. Qh5 Nf6 19. Nxf6+ Bxf6 20. Nf5 Kf8 21.
Nxh6 gxh6 22. Qxh6+ Ke7 23. f5 Rh8 24. Qe3 Qc5 25. Qxc5 dxc5 0-1

[Event "Manfred-Bosbach-Turnier (43.OStM GL)"]
[Site "Bergisch Gladbach"]
[Date "2023.10.20"]
[Round "6.6"]
[White "Themm, Rainer"]
[Black "Harringer, Manfred"]
[Result "0-1"]
[WhiteElo "1826"]
[BlackElo "1996"]
[PlyCount "42"]
[EventDate "2023.??.??"]
[EventType "swiss"]
[EventRounds "7"]
[SourceVersionDate "2023.09.02"]

1. e4 e5 2. Nc3 Nf6 3. f4 d5 4. fxe5 Nxe4 5. Qf3 f5 6. Nge2 Nc6 7. d4 Be6 8.
Be3 Qd7 9. Nf4 Bb4 10. Nxe6 Qxe6 11. Bf2 O-O 12. a3 Ba5 13. O-O-O Bxc3 14. bxc3
b5 15. Be1 Rab8 16. Bd3 Na5 17. Qh3 Nc4 18. Bh4 Qh6+ 19. Kb1 Nxc3+ 20. Ka1 Qa6
21. Be7 b4 0-1

[Event "Manfred-Bosbach-Turnier (43.OStM GL)"]
[Site "Bergisch Gladbach"]
[Date "2023.10.20"]
[Round "6.7"]
[White "Roder, Stephan"]
[Black "Eilers, Jochen"]
[Result "0-1"]
[WhiteElo "1536"]
[BlackElo "1902"]
[PlyCount "52"]
[EventDate "2023.??.??"]
[EventType "swiss"]
[EventRounds "7"]
[SourceVersionDate "2023.09.02"]

1. d4 Nf6 2. Nf3 c5 3. e3 g6 4. Bc4 Bg7 5. O-O O-O 6. c3 b6 7. Re1 Qc7 8. d5 d6
9. e4 a6 10. Bf4 Nh5 11. Bg5 b5 12. Bd3 h6 13. Be3 e5 14. Qc1 Kh7 15. h3 f5 16.
Nh2 Qe7 17. exf5 gxf5 18. Bxf5+ Bxf5 19. g4 Bd7 20. gxh5 Bxh3 21. Qd1 Qf7 22.
Nf1 Nd7 23. Ng3 Nb6 24. Qc2+ Bf5 25. Nxf5 Qxf5 26. Qd1 Bf6 0-1

[Event "Manfred-Bosbach-Turnier (43.OStM GL)"]
[Site "Bergisch Gladbach"]
[Date "2023.10.20"]
[Round "6.8"]
[White "Nichte, Philipp"]
[Black "Birk, Wilfried"]
[Result "1/2-1/2"]
[WhiteElo "1772"]
[BlackElo "1435"]
[PlyCount "64"]
[EventDate "2023.??.??"]
[EventType "swiss"]
[EventRounds "7"]
[SourceVersionDate "2023.09.02"]

1. e4 d5 2. exd5 Qxd5 3. Nc3 Qa5 4. Nf3 Bg4 5. h3 Bxf3 6. Qxf3 c6 7. b4 Qe5+ 8.
Be2 e6 9. Rb1 Qc7 10. b5 Nf6 11. O-O Be7 12. Bb2 O-O 13. Ne4 Nbd7 14. bxc6 Nxe4
15. Qxe4 Qxc6 16. Qxc6 bxc6 17. Bf3 Rac8 18. Bc3 Nb6 19. Be2 Rfd8 20. Ba6 Rb8
21. Rb3 Nd5 22. Ba5 Rxb3 23. axb3 Rb8 24. Bc4 Bb4 25. Bxb4 Nxb4 26. c3 Nd5 27.
Ra1 Rb7 28. Ra6 Rc7 29. Kf1 Nb6 30. Be2 g6 31. c4 Nd7 32. Bf3 Nb8 1/2-1/2

[Event "Manfred-Bosbach-Turnier (43.OStM GL)"]
[Site "Bergisch Gladbach"]
[Date "2023.10.20"]
[Round "6.10"]
[White "Rohleder, Traugott"]
[Black "Aljalam, Yamen"]
[Result "1-0"]
[WhiteElo "1683"]
[BlackElo "1414"]
[PlyCount "59"]
[EventDate "2023.??.??"]
[EventType "swiss"]
[EventRounds "7"]
[SourceVersionDate "2023.09.02"]

1. c4 e6 2. Nc3 Nf6 3. g3 Be7 4. Nf3 O-O 5. Bg2 d5 6. cxd5 Nxd5 7. O-O Nc6 8.
d3 b6 9. Bd2 Bb7 10. Rc1 Bf6 11. a3 Ne5 12. Nxe5 Bxe5 13. Nxd5 Bxd5 14. e4 Bb7
15. Bc3 Bd6 16. d4 f5 17. Qb3 Qe7 18. e5 Bxg2 19. exd6 cxd6 20. Kxg2 f4 21. f3
Kh8 22. Rce1 Rf6 23. Qb4 fxg3 24. hxg3 Rd8 25. d5 Rg6 26. Rxe6 Rxe6 27. dxe6
Qxe6 28. Re1 Qf5 29. Qe4 Qb5 30. Rh1 1-0

[Event "Manfred-Bosbach-Turnier (43.OStM GL)"]
[Site "Bergisch Gladbach"]
[Date "2023.10.20"]
[Round "6.12"]
[White "Steinhausen, Karl-Heinz"]
[Black "Schneider, Erich"]
[Result "0-1"]
[WhiteElo "1056"]
[BlackElo "1146"]
[PlyCount "58"]
[EventDate "2023.??.??"]
[EventType "swiss"]
[EventRounds "7"]
[SourceVersionDate "2023.09.02"]

1. e4 c5 2. Nf3 g6 3. d3 Bg7 4. g3 Nc6 5. Bg2 d6 6. c3 e5 7. O-O h6 8. Re1 Nge7
9. Na3 O-O 10. Be3 Be6 11. d4 d5 12. dxe5 b6 13. Rc1 Nxe5 14. Nxe5 Bxe5 15.
exd5 Nxd5 16. Bxh6 Bg7 17. Bxg7 Kxg7 18. c4 Nb4 19. Bxa8 Qxa8 20. Qb3 Bf5 21.
Qc3+ Kg8 22. Qf6 Nd3 23. Rcd1 Nxe1 24. Rxe1 Be4 25. Re3 Bc6 26. Nc2 Rd8 27. Kf1
Rd2 28. Ne1 Bb5 29. cxb5 Qh1# 0-1

[Event "Manfred-Bosbach-Turnier (43.OStM GL)"]
[Site "Bergisch Gladbach"]
[Date "2023.10.20"]
[Round "6.13"]
[White "Ehmann, Florian"]
[Black "Ramien, Eva"]
[Result "1-0"]
[WhiteElo "1260"]
[BlackElo "1151"]
[PlyCount "47"]
[EventDate "2023.??.??"]
[EventType "swiss"]
[EventRounds "7"]
[SourceVersionDate "2023.09.02"]

1. e4 e5 2. Nc3 Nf6 3. f4 exf4 4. e5 Qe7 5. Qe2 Ng8 6. Nf3 Nc6 7. Nd5 Qd8 8. d4
g6 9. Bxf4 Bg7 10. O-O-O Nh6 11. e6 dxe6 12. Nxc7+ Kf8 13. Nxa8 Bd7 14. Bd6+
Kg8 15. Nc7 Nf5 16. Bf4 Nfxd4 17. Nxd4 e5 18. Nxc6 Qxc7 19. Ne7+ Kf8 20. Nd5
Qc8 21. Bxe5 Bg4 22. Bxg7+ Kxg7 23. Qe5+ Kf8 24. Qxh8# 1-0

[Event "Manfred-Bosbach-Turnier (43.OStM GL)"]
[Site "Bergisch Gladbach"]
[Date "2023.10.27"]
[Round "7.2"]
[White "Müller, Aaron"]
[Black "Rosenauer, Horst"]
[Result "1-0"]
[WhiteElo "1214"]
[BlackElo "1882"]
[PlyCount "105"]
[EventDate "2023.??.??"]
[EventType "swiss"]
[EventRounds "7"]
[SourceVersionDate "2023.09.02"]

1. d4 c5 2. d5 Nf6 3. c4 b5 4. cxb5 a6 5. bxa6 Bxa6 6. Nc3 g6 7. Nf3 Bg7 8. e4
Bxf1 9. Kxf1 O-O 10. g3 d6 11. Kg2 Qb6 12. Qe2 Na6 13. Bg5 h6 14. Bf4 Nh5 15.
Be3 Rfb8 16. Rab1 Qb7 17. h4 Qc8 18. Qd2 Kh7 19. Nh2 Nf6 20. f3 h5 21. Bg5 Rb4
22. Bxf6 Bxf6 23. g4 Rab8 24. gxh5 gxh5 25. Nd1 Qg8+ 26. Kf1 Qg3 27. Rg1 Qxh4
28. Rg2 Rd4 29. Qe2 Nb4 30. Ne3 e6 31. Nc2 Nxc2 32. Qxc2 Be5 33. dxe6 fxe6 34.
b3 Rf8 35. Qe2 Qh3 36. Kg1 Bf4 37. Rb2 e5 38. a4 Ra8 39. Nf1 c4 40. bxc4 Rxa4
41. Rb7+ Kh6 42. Rbg7 h4 43. R7g4 Ra1 44. Qf2 Bg3 45. Qe3+ Kh7 46. Qb3 Bh2+ 47.
Kf2 Bg3+ 48. Nxg3 hxg3+ 49. R4xg3 Rd2+ 50. Ke3 Qh6+ 51. Rg5 Rxg2 52. Qb7+ Qg7
53. Qxg7# 1-0

[Event "Manfred-Bosbach-Turnier (43.OStM GL)"]
[Site "Bergisch Gladbach"]
[Date "2023.10.27"]
[Round "7.3"]
[White "Harringer, Manfred"]
[Black "Weclawski, Roman"]
[Result "1-0"]
[WhiteElo "1995"]
[BlackElo "1910"]
[PlyCount "112"]
[EventDate "2023.??.??"]
[EventType "swiss"]
[EventRounds "7"]
[SourceVersionDate "2023.09.02"]

1. e4 Nf6 2. e5 Nd5 3. c4 Nb6 4. c5 Nd5 5. Nc3 Nxc3 6. bxc3 d6 7. Nf3 dxc5 8.
Bc4 e6 9. O-O Be7 10. d4 cxd4 11. Nxd4 Bc5 12. Qg4 Bxd4 13. Qxg7 Bxe5 14. Qxe5
Rg8 15. Be3 Qd6 16. Qh5 Nd7 17. Qxh7 Nf6 18. Qh4 Ng4 19. Rad1 Qe7 20. Qxe7+
Kxe7 21. Bc5+ Ke8 22. Rfe1 Bd7 23. h3 Nh6 24. Kh2 b6 25. Be3 Nf5 26. Bf4 c5 27.
Bd5 Rd8 28. Be4 Ne7 29. Be5 Bc6 30. Bxc6+ Nxc6 31. Bf6 Rxd1 32. Rxd1 Rg6 33.
Bh4 f6 34. Rd6 Nd8 35. f4 Ke7 36. Rd2 Nf7 37. g4 e5 38. Re2 Kd6 39. Bg3 Kd5 40.
fxe5 Nxe5 41. Bxe5 fxe5 42. Kg3 b5 43. h4 a5 44. a3 b4 45. axb4 axb4 46. cxb4
cxb4 47. h5 Rb6 48. g5 b3 49. h6 Ke6 50. h7 Rb8 51. Rf2 Rh8 52. g6 b2 53. Rxb2
Kf6 54. Rb6+ Kg7 55. Kg4 Rf8 56. Kg5 Rf1 1-0

[Event "Manfred-Bosbach-Turnier (43.OStM GL)"]
[Site "Bergisch Gladbach"]
[Date "2023.10.27"]
[Round "7.4"]
[White "Heckötter, Christian"]
[Black "Gutt, Oswald"]
[Result "0-1"]
[WhiteElo "1967"]
[BlackElo "1813"]
[PlyCount "66"]
[EventDate "2023.??.??"]
[EventType "swiss"]
[EventRounds "7"]
[SourceVersionDate "2023.09.02"]

1. d4 d5 2. Nf3 Nf6 3. e3 c6 4. c4 e6 5. Nbd2 Nbd7 6. Bd3 c5 7. O-O b6 8. b3
Bb7 9. Bb2 Be7 10. Qe2 O-O 11. Ne5 Nxe5 12. dxe5 Ne8 13. f4 g6 14. Rad1 Ng7 15.
cxd5 exd5 16. f5 Bg5 17. f6 Ne6 18. Nf3 Bh6 19. g4 a6 20. h4 Re8 21. g5 Bf8 22.
Qh2 d4 23. e4 h5 24. gxh6 Bxh6 25. Bc1 Bxc1 26. Rxc1 b5 27. h5 g5 28. Kf2 Kh7
29. Rg1 Rg8 30. Rg4 Kh6 31. Rcg1 Qa5 32. Kf1 Qc3 33. Bb1 Qxf3+ 0-1

[Event "Manfred-Bosbach-Turnier (43.OStM GL)"]
[Site "Bergisch Gladbach"]
[Date "2023.10.27"]
[Round "7.6"]
[White "Lobbes, Frank"]
[Black "Stetten, Joachim"]
[Result "1-0"]
[WhiteElo "1771"]
[BlackElo "1432"]
[PlyCount "51"]
[EventDate "2023.??.??"]
[EventType "swiss"]
[EventRounds "7"]
[SourceVersionDate "2023.09.02"]

1. c4 e5 2. Nc3 Nf6 3. d3 c6 4. g3 d5 5. cxd5 Nxd5 6. Bg2 Bb4 7. Bd2 Be6 8. Nf3
Nd7 9. O-O Bd6 10. Ng5 Nxc3 11. bxc3 h6 12. Nxe6 fxe6 13. Qb3 Nc5 14. Qc4 O-O
15. Rab1 Qe7 16. Qg4 Rf6 17. d4 exd4 18. cxd4 Na4 19. e4 e5 20. f4 Qe6 21.
Qxe6+ Rxe6 22. fxe5 Bc7 23. Rxb7 Bb6 24. Rd7 c5 25. Bh3 Ree8 26. Rff7 1-0

[Event "Manfred-Bosbach-Turnier (43.OStM GL)"]
[Site "Bergisch Gladbach"]
[Date "2023.10.27"]
[Round "7.8"]
[White "Nichte, Philipp"]
[Black "Beckschwarte, Günter"]
[Result "1/2-1/2"]
[WhiteElo "1772"]
[BlackElo "1798"]
[PlyCount "36"]
[EventDate "2023.??.??"]
[EventType "swiss"]
[EventRounds "7"]
[SourceVersionDate "2023.09.02"]

1. e4 e5 2. Nf3 Nc6 3. Bc4 Bc5 4. b4 Bxb4 5. c3 Be7 6. d4 exd4 7. cxd4 d6 8.
O-O Nf6 9. Nbd2 O-O 10. Bd3 Bg4 11. Qb3 Na5 12. Qc3 c5 13. d5 c4 14. Nxc4 Nxc4
15. Qxc4 Rc8 16. Qb3 Bxf3 17. gxf3 Qd7 18. Bf4 Nh5 1/2-1/2

[Event "Manfred-Bosbach-Turnier (43.OStM GL)"]
[Site "Bergisch Gladbach"]
[Date "2023.10.27"]
[Round "7.9"]
[White "Schneider, Erich"]
[Black "Themm, Rainer"]
[Result "0-1"]
[WhiteElo "1146"]
[BlackElo "1826"]
[PlyCount "60"]
[EventDate "2023.??.??"]
[EventType "swiss"]
[EventRounds "7"]
[SourceVersionDate "2023.09.02"]

1. d4 Nf6 2. c4 c6 3. Nf3 d6 4. Nc3 Bg4 5. e4 Bxf3 6. Qxf3 Nbd7 7. Be2 e5 8. d5
Be7 9. O-O O-O 10. Be3 cxd5 11. cxd5 a6 12. a4 Rc8 13. Rfc1 Nc5 14. Bxc5 Rxc5
15. b4 Rc8 16. Bd3 Qb6 17. Rab1 Qd4 18. Ne2 Rxc1+ 19. Nxc1 Rc8 20. Ne2 Qb6 21.
b5 a5 22. Rc1 Rxc1+ 23. Nxc1 Qd4 24. Bc2 Qd2 25. Qd1 Qxd1+ 26. Bxd1 Nxe4 27.
Bc2 Nc3 28. Bb3 Bg5 29. Na2 Ne4 30. Kf1 Nd2+ 0-1

[Event "Manfred-Bosbach-Turnier (43.OStM GL)"]
[Site "Bergisch Gladbach"]
[Date "2023.10.27"]
[Round "7.11"]
[White "Aljalam, Yamen"]
[Black "Ehmann, Florian"]
[Result "1-0"]
[WhiteElo "1414"]
[BlackElo "1260"]
[PlyCount "37"]
[EventDate "2023.??.??"]
[EventType "swiss"]
[EventRounds "7"]
[SourceVersionDate "2023.09.02"]

1. Nf3 d5 2. g3 c5 3. Bg2 Nc6 4. O-O Bf5 5. d3 Qd7 6. Re1 Nf6 7. Nbd2 e5 8. e4
Bg4 9. exd5 Nxd5 10. Nxe5 Nde7 11. Nxg4 O-O-O 12. Nc4 Nd4 13. Nge5 Qf5 14. c3
Ndc6 15. Qf3 Qxf3 16. Bxf3 Nxe5 17. Nxe5 f6 18. Nf7 Rxd3 19. Be4 1-0

[Event "Manfred-Bosbach-Turnier (43.OStM GL)"]
[Site "Bergisch Gladbach"]
[Date "2023.10.27"]
[Round "7.12"]
[White "Stieg, Karsten"]
[Black "Steinhausen, Karl-Heinz"]
[Result "1-0"]
[WhiteElo "1454"]
[BlackElo "1056"]
[PlyCount "45"]
[EventDate "2023.??.??"]
[EventType "swiss"]
[EventRounds "7"]
[SourceVersionDate "2023.09.02"]

1. d4 d5 2. c4 Nf6 3. Nc3 h6 4. e3 e6 5. Nf3 Bd6 6. g3 O-O 7. Bg2 Nbd7 8. O-O
b6 9. a4 Ba6 10. Nb5 Rc8 11. Re1 Bb4 12. Bd2 Bxd2 13. Nxd2 dxc4 14. Nxa7 Ra8
15. Bxa8 Qxa8 16. Nb5 Re8 17. Nxc7 Qc6 18. Nxa6 Nd5 19. e4 Nc7 20. Nxc7 Qxc7
21. e5 c3 22. bxc3 Qxc3 23. Ne4 1-0